Progressively Longer Anagrams in Sentences Quiz Stats

 Plays Quiz Updated Dec 22, 2015

Also try: Web of Anagrams
Challenge
Share
Tweet
Embed
Score 0/16 Timer 06:00
2 Plays Today
Sentence Anagram % Correct
The new father was PRAISED when he finally learned how to change his babies' _____.DIAPERS
95.2%
The girl and her secret ADMIRER became high school sweethearts and later got _____.MARRIED
93%
The mathematics teacher CLAIMED that the _____ point belonged to the left of the tenths digit.DECIMAL
88.6%
Would PIRATES throw _____ to celebrate finishing a successful loot?PARTIES
84.6%
Those who fail to LISTEN are usually those who have trouble being _____.SILENT
83.8%
The customer ALERTED the seamstress to the hemline that needed to be _____.ALTERED
82.5%
The cops came to ARREST the burglar who tried to steal the _____, most expensive jewels.RAREST
69%
The ARROGANT chef did not think he put too much _____ in the BĂ©arnaise sauce.TARRAGON
63.9%
Sentence Anagram % Correct
The aspiring teacher was CAUTIONED by her parents about entering the field of _____.EDUCATION
63.6%
The TEENAGER wanted to _____ more income for his family, so he got a job.GENERATE
59.7%
The door-to-door SALESMEN never introduced themselves, so to me they were _____.NAMELESS
50.3%
The scientists had a deep CONVERSATION about the importance of _____ biology.CONSERVATION
49.2%
An important concept in calculus is the INTEGRAL, while a major focus in geometry is the _____.TRIANGLE
39.6%
The GARDENER _____ crops from the field.GARNERED
30.5%
The small MARGINAL profit of the business was _____ to the investor.ALARMING
23.5%
The DEDUCTIONS in price were _____ at the cash register.DISCOUNTED
9.4%

You're not logged in!

Compare scores with friends on all Sporcle quizzes.
OR
Log In

You Might Also Like...

Show Comments

Extras

Top Quizzes Today


Score Distribution

Your Account Isn't Verified!

In order to create a playlist on Sporcle, you need to verify the email address you used during registration. Go to your Sporcle Settings to finish the process.

Report this User

Report this user for behavior that violates our Community Guidelines.

Details: